[Event "HUN-chT2 Szechenyi 1718"]
[Site "Hungary"]
[Date "2018.01.28"]
[Round "5.12"]
[White "Sandor, Balazs"]
[Black "Nyuli, Leila"]
[Result "1-0"]
[WhiteElo "1868"]
[BlackElo "1218"]
[PlyCount "79"]
[EventDate "2017.10.29"]
[EventType "team-tourn"]
[EventRounds "9"]
[EventCountry "HUN"]
[SourceTitle "EXT 2021"]
[Source "ChessBase"]
[SourceDate "2020.10.23"]
[SourceVersion "1"]
[SourceVersionDate "2020.10.23"]
[SourceQuality "1"]
[WhiteTeam "Veszprem Ezust Huszar"]
[BlackTeam "Haladas Szombathely III"]
[WhiteTeamCountry "HUN"]
[BlackTeamCountry "HUN"]

1. d4 d5 2. c4 Nf6 3. Nc3 Nc6 4. cxd5 Nxd5 5. e4 Nxc3 6. bxc3 g6 7. Bb5 Qd6 8. a4 a6 9. Bc4 Bg7 10. e5 Qd7 11. Nf3 Na5 12. Ba2 Qc6 13. Bd2 Bd7 14. Qe2 b5 15. 0-0 bxa4 16. d5 Qb5 17. c4 Qb6 18. Be3 c5 19. Rab1 Qa7 20. e6 fxe6 21. Ng5 exd5 22. cxd5 0-0 23. d6+ e6 24. Bxe6+ Bxe6 25. Nxe6 Rfe8 26. Nc7 Rad8 27. Nxe8 Rxe8 28. Bxc5 Rxe2 29. Bxa7 Rd2 30. Rfd1 Rc2 31. Rb8+ Kf7 32. d7 Nc6 33. Rc8 Bf6 34. Bb6 a3 35. d8Q Bxd8 36. Bxd8 a2 37. Rc7+ Ke8 38. Bf6 a5 39. Rd8+ Nxd8 40. Rxc2 1-0

[Event "HUN-chT2 Szechenyi 1516"]
[Site "Hungary"]
[Date "2016.02.28"]
[Round "8.12"]
[White "Egri, Zsolt"]
[Black "Sandor, Balazs"]
[Result "0-1"]
[WhiteElo "1740"]
[BlackElo "1868"]
[PlyCount "88"]
[EventDate "2015.09.13"]
[EventType "team-tourn"]
[EventRounds "11"]
[EventCountry "HUN"]
[SourceTitle "EXT 2017"]
[Source "ChessBase"]
[SourceDate "2016.10.25"]
[SourceVersion "1"]
[SourceVersionDate "2016.10.25"]
[SourceQuality "1"]
[WhiteTeam "Sarvar"]
[BlackTeam "Ezust Huszar"]
[WhiteTeamCountry "HUN"]
[BlackTeamCountry "HUN"]

1. e4 c5 2. Nc3 d6 3. g3 Nc6 4. Bg2 g6 5. d3 Bg7 6. Nge2 Nf6 7. 0-0 a6 8. h3 Rb8 9. Be3 0-0 10. Qd2 Re8 11. f4 Qc7 12. g4 e6 13. Ng3 b5 14. Nce2 Bb7 15. f5 exf5 16. gxf5 Ne5 17. Bh6 Bh8 18. Bg5 Ned7 19. c3 Rbc8 20. Nf4 c4 21. Bxf6 Nxf6 22. fxg6 hxg6 23. Rfe1 cxd3 24. Qxd3 Qc5+ 25. Kf1 Qe5 26. Qf3 Qc5 27. Qd3 Nd7 28. Nd5 Ne5 29. Qe3 Qc4+ 30. Qe2 Bxd5 31. exd5 Qf4+ 32. Qf2 Qxf2+ 33. Kxf2 Nd3+ 34. Kf1 Rxe1+ 35. Rxe1 Nxe1 36. Kxe1 b4 37. cxb4 Rc2 38. Bf1 Rxb2 39. a3 Rb3 40. Kf2 Rxa3 41. Ne4 Bd4+ 42. Kg2 Be5 43. Nf2 Rg3+ 44. Kh1 Bd4 0-1